00617 2200205 4500001002100000005001700021008004100038020001800079035002400097082001100121090002100132100001600153245006500169260004000234300003000274504003100304650001600335700003800351990002200389YOGYA-0213000000042120130213075112.0 ind  a979-911-133-8 0010-021300000000421 a641.34 aDEP 641.34 Nur T aNURCHASANAH aTerapi Jus Untuk Kesehatan Tanpa Efek Samping /cNurchasanah aYogyakarta :bMedia Presindo,c2012 a139 hlm.:bilus.;c23 cm. aBibliografi : hlm. 138-139 aMakanan-Jus aII. Rahmat.A. III. Frida Firdiani aCB-D.11 2012-1421